[Event "SRB-chT"]
[Site "Vrnjacka Banja"]
[Date "2012.10.07"]
[Round "11.2"]
[White "Matijevic, Nenad"]
[Black "Nikolic, Boban"]
[Result "0-1"]
[WhiteElo "2182"]
[BlackElo "2235"]
[PlyCount "148"]
[EventDate "2012.09.29"]
[EventType "team-tourn"]
[EventRounds "11"]
[EventCountry "SRB"]
[SourceTitle "CBM 150 Extra"]
[Source "ChessBase"]
[SourceDate "2012.10.19"]
[SourceVersion "1"]
[SourceVersionDate "2012.10.19"]
[SourceQuality "1"]
[WhiteTeam "Pozega"]
[BlackTeam "Pirot"]
[WhiteTeamCountry "SRB"]
[BlackTeamCountry "SRB"]

1. e4 d6 2. d4 Nf6 3. Nc3 g6 4. f4 Bg7 5. Nf3 0-0 6. e5 Nfd7 7. Ne4 c5 8. c3 cxd4 9. cxd4 dxe5 10. fxe5 Nc6 11. Be2 Nb6 12. h3 Bf5 13. Ng3 Be6 14. 0-0 Rc8 15. Be3 Nb4 16. Qd2 Nc2 17. Rac1 Nxe3 18. Qxe3 Nd5 19. Qd2 Qb6 20. Ne4 Nb4 21. Rxc8 Rxc8 22. a3 Nc6 23. Kh1 Rd8 24. Neg5 Nxd4 25. Nxe6 Nxe6 26. Qb4 Qxb4 27. axb4 Bh6 28. Bc4 Bf4 29. g4 g5 30. Ra1 Be3 31. Re1 Bf4 32. Ra1 a6 33. b5 Nc7 34. bxa6 Nxa6 35. e6 fxe6 36. Bxe6+ Kg7 37. Re1 Nc5 38. Bc4 Rd7 39. Bb5 Rc7 40. b4 Nb3 41. Ba4 Rc3 42. Kg2 Kf6 43. Bd7 Rc2+ 44. Kg1 Nc1 45. Bf5 Rb2 46. Re6+ Kf7 47. Ne5+ Bxe5 48. Rxe5 Ne2+ 49. Kf1 Ng3+ 50. Kg1 h5 51. Rb5 h4 52. Bc8 Ne4 53. Bxb7 Nd6 54. Rb6 Kf6 55. Bg2 Ke5 56. Rb8 Nc4 57. b5 Kd6 58. Bc6 Ne5 59. Rg8 Nxc6 60. Rg6+ Ke5 61. bxc6 Kf4 62. Kf1 Rc2 63. Re6 Kf3 64. Ke1 Rc1+ 65. Kd2 Rc5 66. Rxe7 Rxc6 67. Re5 Kg2 68. Re3 Rf6 69. Ke2 Rf2+ 70. Ke1 Rf3 71. Re5 Rxh3 72. Rxg5 Re3+ 73. Kd2 Re8 74. Rh5 h3 0-1

[Event "SRB-chT Cup"]
[Site "Zlatibor"]
[Date "2008.06.20"]
[Round "5.6"]
[White "Maksimovic, Branimir"]
[Black "Matijevic, Nenad"]
[Result "1-0"]
[WhiteElo "2384"]
[BlackElo "2208"]
[PlyCount "125"]
[EventDate "2008.06.16"]
[EventType "team"]
[EventRounds "9"]
[EventCountry "YUG"]
[SourceTitle "CBM 125 Extra"]
[Source "ChessBase"]
[SourceDate "2008.09.01"]
[SourceVersion "1"]
[SourceVersionDate "2008.09.01"]
[SourceQuality "1"]

1. d4 d5 2. c4 c6 3. Nc3 Nf6 4. e3 e6 5. Nf3 a6 6. Qc2 Nbd7 7. e4 dxe4 8. Nxe4 Nxe4 9. Qxe4 Bb4+ 10. Bd2 Qa5 11. Bd3 Bxd2+ 12. Nxd2 Nf6 13. Qe5 Qxe5+ 14. dxe5 Nd7 15. f4 Nc5 16. Bc2 a5 17. Ke2 Ke7 18. b3 b5 19. cxb5 cxb5 20. Ne4 Nxe4 21. Bxe4 Ra7 22. Rac1 Bd7 23. Rc5 Rc8 24. Rxc8 Bxc8 25. Rc1 Bd7 26. a3 h5 27. Ke3 Be8 28. Rc8 Bd7 29. Rc5 Kd8 30. Kd4 Be8 31. Bc6 Bxc6 32. Rxc6 b4 33. a4 Rd7+ 34. Kc5 Rd5+ 35. Kb6 Kd7 36. Rc7+ Kd8 37. Rb7 g5 38. g3 h4 39. Ka6 h3 40. Rb5 Rd2 41. fxg5 Rxh2 42. Kxa5 Rg2 43. Rxb4 Rxg3 44. Rb8+ Kd7 45. b4 Rxg5 46. Rh8 Rxe5+ 47. b5 Re4 48. Rxh3 Ke7 49. Rd3 f5 50. b6 Kf6 51. Rc3 Ke7 52. Rc7+ Kd8 53. Kb5 Re1 54. Rf7 Rb1+ 55. Ka6 Kc8 56. Re7 Rb4 57. a5 Re4 58. Ka7 Kd8 59. Rf7 Ke8 60. Rh7 f4 61. b7 Rb4 62. b8Q+ Rxb8 63. Kxb8 1-0

[Event "SRB-chT Cup"]
[Site "Zlatibor"]
[Date "2008.06.17"]
[Round "2.9"]
[White "Adzic, Momcilo"]
[Black "Matijevic, Nenad"]
[Result "1/2-1/2"]
[WhiteElo "2244"]
[BlackElo "2208"]
[PlyCount "24"]
[EventDate "2008.06.16"]
[EventType "team"]
[EventRounds "9"]
[EventCountry "YUG"]
[SourceTitle "CBM 125 Extra"]
[Source "ChessBase"]
[SourceDate "2008.09.01"]
[SourceVersion "1"]
[SourceVersionDate "2008.09.01"]
[SourceQuality "1"]

1. e4 c5 2. Nf3 Nc6 3. Nc3 g6 4. d4 cxd4 5. Nxd4 Bg7 6. Be3 Nf6 7. Be2 0-0 8. 0-0 d6 9. Kh1 Bd7 10. f4 a6 11. Bf3 Rc8 12. Nxc6 Bxc6 1/2-1/2

[Event "SRB-chT2 West"]
[Site "Serbia"]
[Date "2006.10.27"]
[Round "8.2"]
[White "Trpkovic, Miroljub"]
[Black "Matijevic, Nenad"]
[Result "1/2-1/2"]
[WhiteElo "2030"]
[BlackElo "2195"]
[PlyCount "47"]
[EventDate "2006.09.09"]
[EventType "team"]
[EventRounds "11"]
[EventCountry "SRB"]
[SourceTitle "EXT 2012"]
[Source "ChessBase"]
[SourceDate "2011.11.24"]
[SourceVersion "1"]
[SourceVersionDate "2011.11.24"]
[SourceQuality "1"]

1. e4 c5 2. Nf3 Nc6 3. d4 cxd4 4. Nxd4 e5 5. Nb5 a6 6. Nd6+ Bxd6 7. Qxd6 Qf6 8. Qd1 Qg6 9. f3 Nge7 10. Nc3 d5 11. Nxd5 Nxd5 12. Qxd5 Be6 13. Qd2 Rd8 14. Qf2 f5 15. exf5 Bxf5 16. c3 e4 17. f4 Be6 18. Be2 0-0 19. 0-0 Ne5 20. b3 Nd3 21. Qe3 a5 22. Ba3 Rfe8 23. Rad1 a4 24. c4 1/2-1/2

[Event "Herceg Novi Mimoza op"]
[Site "Herceg Novi"]
[Date "2002.02.04"]
[Round "1"]
[White "Matijevic, Nenad"]
[Black "Todorovic, Goran M"]
[Result "0-1"]
[WhiteElo "2194"]
[BlackElo "2488"]
[PlyCount "60"]
[EventDate "2002.02.04"]
[EventType "swiss"]
[EventRounds "9"]
[EventCountry "YUG"]
[SourceTitle "CBM 086 Extra"]
[Source "ChessBase"]
[SourceDate "2002.03.14"]
[SourceVersion "1"]
[SourceVersionDate "2002.03.14"]
[SourceQuality "1"]

1. Nf3 d5 2. d4 e6 3. g3 c5 4. c3 Nf6 5. Bg2 Nc6 6. 0-0 Be7 7. h3 0-0 8. Be3 cxd4 9. cxd4 Ne4 10. Nbd2 f5 11. Nb3 g5 12. Nfd2 f4 13. Nxe4 fxe3 14. Nec5 exf2+ 15. Rxf2 Rxf2 16. Kxf2 e5 17. e3 e4 18. a3 b6 19. Na4 Qd6 20. Bf1 Bd7 21. Kg2 Qh6 22. Kh2 Rf8 23. Qe2 Bd6 24. Nd2 Ne7 25. Nc3 Qh4 26. Qg2 Nf5 27. Nxd5 Nxg3 28. Kg1 Bxh3 29. Qxh3 Ne2+ 30. Bxe2 Qxh3 0-1